| 000 | 00630nam a2200193 a 4500 | ||
|---|---|---|---|
| 001 | 000018837 | ||
| 005 | 20200929165850.0 | ||
| 008 | 100519s1987 nq a r 001 p spa d | ||
| 040 |
_aDO-SdBNP _bspa _cBNPHU |
||
| 082 |
_aN861.44 _bB443d |
||
| 100 | 1 |
_aBelli, Gioconda, _d1948- _940593 |
|
| 245 | 1 | 0 |
_aDe la costilla de Eva / _cGioconda Belli ; edición Elízabeth Fonseca. |
| 260 |
_aManagua : _bNueva Nicaragua, _c1987. |
||
| 300 |
_a142 p. : _bil., ; _c20 cm. |
||
| 490 | 1 |
_aLetras de Nicaragua _v24 |
|
| 650 | 4 |
_aPoesía nicaraguense _98179 |
|
| 650 | 4 |
_aLiteratura nicaraguense _98180 |
|
| 700 | 1 |
_aFonseca, Elízabeth _eed. _914715 |
|
| 999 |
_c18357 _d18357 |
||